000 00484cam a2200205 4500
001 D7756
008 090401t1978 xxu||||| |||| 00| 0 eng d
035 _a(Sirsi) u9169
041 _aeng
050 _a333.3320212
100 _aParry, Richard
245 _aParry`s valuation and conversion tables
250 _a10th
260 _aLondon
_bEstates Gazette
_c1978
300 _axiv. 432p. 22cm
350 _a7
700 _aDavidson, A.W.
942 _n0
948 _c04/03/1997
999 _c86610
_d86610